000 00503pab a2200181 454500
008 180718b2008 xxu||||| |||| 00| 0 eng d
100 _aEdwards, Claire
245 _aDisability and the implications of the wellbeing agenda: some reflections from the United Kingdom
260 _c2008
300 _ap.337-55.
362 _aJul
650 _aDisabilities - Great Britain
650 _aDisabilities
700 _aImmrie, Rob
773 _aJournal of Social Policy
908 _aN
909 _a82897
999 _c82897
_d82897